000 00368nam a2200145Ia 4500
008 230917s9999||||xx |||||||||||||| ||und||
040 _e116284
_aMAIN
041 _aEnglish
082 _a647.94 A62E
100 _aAhmad, Naseem
245 0 _aEncyclopaedia of hotel management. 7V
260 _aNew Delhi
_bAnmol Publications
_c2005
300 _av. p.
942 _cBK
999 _c129527
_d129527